MARC details
| 000 -CABECERA |
| campo de control de longitud fija |
00859cam a2200217 a 4500 |
| 001 - NÚMERO DE CONTROL |
| campo de control |
000007160 |
| 005 - FECHA Y HORA DE LA ÚLTIMA TRANSACCIÓN |
| campo de control |
20200929154101.0 |
| 008 - DATOS DE LONGITUD FIJA--INFORMACIÓN GENERAL |
| campo de control de longitud fija |
911211s1988 cu a b 001 0bspa d |
| 040 ## - FUENTE DE LA CATALOGACIÓN |
| Centro catalogador/agencia de origen |
DO-SdBNP |
| Centro/agencia transcriptor |
DLC |
| Centro/agencia modificador |
DLC |
| -- |
BNPHU |
| 082 ## - NÚMERO DE LA CLASIFICACIÓN DECIMAL DEWEY |
| Número de clasificación |
927.7415 |
| Número de documento/Ítem |
N415d |
| 100 1# - ENTRADA PRINCIPAL--NOMBRE DE PERSONA |
| Nombre de persona |
Neira Vilas, Xosé, |
| Fechas asociadas al nombre |
1928- |
| 9 (RLIN) |
19881 |
| 245 14 - MENCIÓN DE TÍTULO |
| Título |
Los días cubanos de Alfonso Castelao / |
| Mención de responsabilidad, etc. |
Xosé Neira Vilas ; edición de José Rodríquez Feo. |
| 260 ## - PUBLICACIÓN, DISTRIBUCIÓN, ETC. |
| Lugar de publicación, distribución, etc. |
Habana : |
| Nombre del editor, distribuidor, etc. |
Unión de Escritores y Artistas de Cuba, |
| Fecha de publicación, distribución, etc. |
c1988. |
| 300 ## - DESCRIPCIÓN FÍSICA |
| Extensión |
166 p. : |
| Otras características físicas |
il. ; |
| Dimensiones |
23 cm. |
| 504 ## - NOTA DE BIBLIOGRAFÍA, ETC. |
| Nota de bibliografía, etc. |
"Bibliografía de Castelao": p. 14-15. |
| 504 ## - NOTA DE BIBLIOGRAFÍA, ETC. |
| Nota de bibliografía, etc. |
Incluye referencias bibliográficas y notas al pie de las páginas. |
| 600 14 - PUNTO DE ACCESO ADICIONAL DE MATERIA--NOMBRE DE PERSONA |
| Nombre de persona |
CASTELAO, ALFONSO, |
| Fechas asociadas al nombre |
1886-1950 |
| Subdivisión general |
VIAJES |
| Subdivisión geográfica |
CUBA |
| 9 (RLIN) |
19882 |
| 651 #4 - PUNTO DE ACCESO ADICIONAL DE MATERIA--NOMBRE GEOGRÁFICO |
| Nombre geográfico |
Cuba |
| Subdivisión general |
Descripciones Y Viajes |
| 9 (RLIN) |
495 |
| 700 1# - PUNTO DE ACCESO ADICIONAL--NOMBRE DE PERSONA |
| Nombre de persona |
Rodríquez Feo, José, |
| Término indicativo de función/relación |
ed. |
| 9 (RLIN) |
19883 |
| 910 ## - DATOS DE OPCIÓN DEL USUARIO (OCLC) |
| Datos de opción del usuario |
Catalogación por copia / LC |